Personnalités politiques belges (2) - Statistiques

Statistiques générales
  • Ce quiz a été pris 9 fois
  • Le résultat moyen est 9 sur 20
Statistiques - réponses
Par images Hint Réponse % Correct
Open VLD Alexander De Croo
100%
MR Sophie Wilmes
100%
MR Charles Michel
83%
PS Paul Magnette
83%
MR Didier Reynders
67%
NVA Jan Jambon
67%
Vlaams Belang Tom Van Grieken
67%
PS Caroline Désir
50%
MR Jacqueline Galant
33%
Ecolo Jean-Marc Nollet
33%
Ecolo Rajae Maouane
33%
PS Thomas Dermine
33%
MR Willy Borsus
33%
Les Engagés/Cdh Benoît Lutgen
17%
Les Engagés/Cdh Carlo Di Antonio
17%
SP.a/Vooruit Caroline Gennez
17%
Les Engagés/Cdh Catherine Fonck
17%
PS Christophe Collignon
17%
NVA Zuhal Demir
17%
CD&V Pieter De Crem
0%
Aucun quiz correspondant
Distribution des résultats
% des personnes avec chaque résultat
Percentile par nombre de réponses
Votre historique - résultats
Vous n’avez pas pris ce quiz